Normal view
MARC view
- Oprah Winfrey show (Television program)
Entry Uniform Title
001 - CONTROL NUMBER
- control field: 23330
003 - CONTROL NUMBER IDENTIFIER
- control field: NUST
005 - DATE AND TIME OF LATEST TRANSACTION
- control field: 20191008153144.0
008 - FIXED-LENGTH DATA ELEMENTS
- fixed length control field: 191008|| aca||aabn | a|a d
040 ## - CATALOGING SOURCE
- Original cataloging agency: NUST
- Transcribing agency: NUST
130 ## - HEADING--UNIFORM TITLE
- Uniform title: Oprah Winfrey show (Television program)
670 ## - SOURCE DATA FOUND
- Source citation: Work cat.: (NUST)0: Davis, Deborah, 1952- 23328, The Oprah Winfrey show :, c2011.
